01394 a2200205 4500003000500000005001700005040000900022082001400031100003400045245012300079250001200202260003200214300001000246505062500256600003200881942001200913999001900925952012200944952012201066Nust20241002175955.0 cNust a621.3,CHR aChristie, Clarence V.9101238 aElectrical engineering : bthe theory and characteristics of electrical circuits and machinery /cClarence V. Christie a6th ed. aNew YorkbMcgraw Hillc1954 a675:p aElectrostatics (Page-1), Magnetism and Electro kinetics (Page-51), Electric Circuits (Page-81), Alternating Current Circuits (Page-106), Complex Alternating Current Waves (Page-165), Polyphase Alternating Current Circuits (Page-177), Directs Current Machinery (Page-192), Design of a Direct Current Generator (Page-282), Synchronous Machinery (Page-307), Design of Alternating Current Generators and Motors (Page-390), Transformers (Page-417), Converters (Page-479), Induction Motors (Page-508), Alternating Current Gas Commentator Motors (Page-568), Transmission Systems (Page-580), Symmetrical Components (Page-639). aClarence v christie9101239 2ddccBK c180237d180237 00102ddc4070aMCSbMCScGENd2016-12-12o621.3,CHRpMCS5434r2016-12-08w2016-12-12yBKzAlmirah No.28, Shelf No.1 00102ddc4070aMCSbMCScGENd2016-12-12o621.3,CHRpMCS5651r2016-12-08w2016-12-12yBKzAlmirah No.28, Shelf No.1